|
|
|
|
| LEADER |
01604nam a2200445 a 4500 |
| 001 |
EBC1173081 |
| 003 |
MiAaPQ |
| 005 |
20191030193401.0 |
| 006 |
m o d | |
| 007 |
cr cn||||||||| |
| 008 |
130301s2013 njuad sb 001 0 eng d |
| 010 |
|
|
|z 2013007116
|
| 020 |
|
|
|z 9781118394106 (cloth)
|
| 020 |
|
|
|z 9781118394106
|
| 020 |
|
|
|a 9781118417591 (electronic bk.)
|
| 020 |
|
|
|a 9781118421840 (electronic bk.)
|
| 035 |
|
|
|a (MiAaPQ)EBC1173081
|
| 035 |
|
|
|a (Au-PeEL)EBL1173081
|
| 035 |
|
|
|a (CaPaEBR)ebr10691459
|
| 035 |
|
|
|a (CaONFJC)MIL484638
|
| 035 |
|
|
|a (OCoLC)829099213
|
| 040 |
|
|
|a MiAaPQ
|c MiAaPQ
|d MiAaPQ
|
| 050 |
|
4 |
|a HG4028.C4
|b F488 2013
|
| 082 |
0 |
4 |
|a 658.15/2
|2 23
|
| 100 |
1 |
|
|a Finnerty, John D.
|
| 245 |
1 |
0 |
|a Project financing
|h [electronic resource] :
|b asset-based financial engineering /
|c John D. Finnerty.
|
| 250 |
|
|
|a 3rd ed.
|
| 260 |
|
|
|a Hoboken, N.J. :
|b John Wiley & Sons, Inc.,
|c 2013.
|
| 300 |
|
|
|a xvi, 543 p. :
|b ill.
|
| 490 |
1 |
|
|a Wiley finance series
|
| 504 |
|
|
|a Includes bibliographical references and index.
|
| 533 |
|
|
|a Electronic reproduction. Ann Arbor, MI : ProQuest, 2016. Available via World Wide Web. Access may be limited to ProQuest affiliated libraries.
|
| 650 |
|
0 |
|a Capital investments.
|
| 650 |
|
0 |
|a Capital investments
|v Case studies.
|
| 650 |
|
0 |
|a Corporations
|x Finance
|v Case studies.
|
| 650 |
|
0 |
|a Financial engineering.
|
| 655 |
|
4 |
|a Electronic books.
|
| 710 |
2 |
|
|a ProQuest (Firm)
|
| 830 |
|
0 |
|a Wiley finance series.
|
| 856 |
4 |
0 |
|u https://ebookcentral.proquest.com/lib/matrademy/detail.action?docID=1173081
|z Click to View
|